Soldier : (Record no. 923402)
[ view plain ]
| 000 -LEADER | |
|---|---|
| fixed length control field | 00861nam a2200277 a 4500 |
| 001 - CONTROL NUMBER | |
| control field | vtls001471706 |
| 003 - CONTROL NUMBER IDENTIFIER | |
| control field | NLI |
| 005 - DATE AND TIME OF LATEST TRANSACTION | |
| control field | 20210627131004.0 |
| 008 - FIXED-LENGTH DATA ELEMENTS--GENERAL INFORMATION | |
| fixed length control field | 121201m1980uuuudcu f000 0 eng |
| 039 #9 - LEVEL OF BIBLIOGRAPHIC CONTROL AND CODING DETAIL [OBSOLETE] | |
| -- | 201212011906 |
| -- | VLOAD |
| 040 ## - CATALOGING SOURCE | |
| Original cataloging agency | NLI |
| Language of cataloging | eng |
| Transcribing agency | Datasoft_FOD |
| Description conventions | AACR2 |
| 041 0# - LANGUAGE CODE | |
| Language code of text/sound track or separate title | eng |
| 044 ## - COUNTRY OF PUBLISHING/PRODUCING ENTITY CODE | |
| MARC country code | dcu |
| 082 04 - DEWEY DECIMAL CLASSIFICATION NUMBER | |
| Classification number | 355.0092073 |
| 110 1# - MAIN ENTRY--CORPORATE NAME | |
| Corporate name or jurisdiction name as entry element | United States. |
| Subordinate unit | Department of the Army |
| 9 (RLIN) | 706613 |
| 245 10 - TITLE STATEMENT | |
| Title | Soldier : |
| Remainder of title | soilders couples / |
| Statement of responsibility, etc. | United States |
| -- | epartment of the Army |
| 260 ## - PUBLICATION, DISTRIBUTION, ETC. | |
| Place of publication, distribution, etc. | Washington, D.C. : |
| Name of publisher, distributor, etc. | The Department, |
| Date of publication, distribution, etc. | 1980- |
| 300 ## - PHYSICAL DESCRIPTION | |
| Extent | -v. ; |
| Dimensions | 26 cm. |
| 500 ## - GENERAL NOTE | |
| General note | Library has vol. 35 |
| 650 #0 - SUBJECT ADDED ENTRY--TOPICAL TERM | |
| Topical term or geographic name entry element | Soldiers |
| Geographic subdivision | United States |
| 9 (RLIN) | 707678 |
| 887 ## - NON-MARC INFORMATION FIELD | |
| Content of non-MARC field | |
| 901 ## - LOCAL DATA ELEMENT A, LDA (RLIN) | |
| a | AD 118611 |
| b | 14.10.2010 |
| 9 | v.35, no.9 |
| 902 ## - LOCAL DATA ELEMENT B, LDB (RLIN) | |
| a | U.S 355.0092073 Un 3 |
| 949 ## - LOCAL PROCESSING INFORMATION (OCLC) | |
| -- | VIRTUAITEM |
| -- | 10002 |
| -- | 100 |
| 6 | FOD000118611ENG |
| 9 | v.35 no.9 |
| 942 ## - ADDED ENTRY ELEMENTS (KOHA) | |
| Source of classification or shelving scheme | Dewey Decimal Classification |
| Koha item type | Books |
| Withdrawn status | Lost status | Damaged status | Not for loan | Collection code | Home library | Current library | Shelving location | Date acquired | Total Checkouts | Full call number | Barcode | Date last seen | Price effective from | Koha item type |
|---|---|---|---|---|---|---|---|---|---|---|---|---|---|---|
| National Library of India | National Library of India | U.S 355.0092073 Un 3 | FOD000118611ENG | 27/06/2021 | 27/06/2021 | Books |
